000
00507nam a2200181Ia 4500
008
090123s9999 xx 000 0 und d
082
_b
27915
100
_a
गडकर रेचल
245
_a
101बायबल कथा
250
_a
1
260
_b
जयहिंद प्रकाशन
300
_a
111
600
_a
गडकर रेचल
630
_a
101बायबल कथा
700
_a
गडकर रेचल
730
_a
101बायबल कथा
942
_c
BOOK
999
_c
66297
_d
66297